000
00270nam a22001217a 4500
008
171013b xxu||||| |||| 00| 0 eng d
041
_a
eng
080
_2
4 ED
_a
316
100
_a
21
101
_a
SOC
245
_a
ESSENTIALS SOCIOLOGY
_c
HENSLIN.J.M
942
_2
udc
_c
BK
999
_c
33757
_d
33757